00458nam a22001457a 4500003000400000005001700004008004100021040003200062100002100094245009500115260003400210300001100244650003400255650002300289OSt20220328173625.0220328b ||||| |||| 00| 0 spa d cBiblioteca Ernesto Sábato aChavez, Fermín aLa cultura en la época de Rosasb: aportes a la descolonización mental de la Argentina aBuenos AiresbTheoríac1973 a158 p. aCULTURA ARGENTINA (1829-1852) aHISTORIA ARGENTINA